| Tag |
First Indicator |
Second Indicator |
Subfields |
| LEADER |
00000cam a2200000 4500 |
| 001 |
in00000061694 |
| 005 |
20151008050601.0 |
| 008 |
720229r19661803nyu b 00000 eng |
| 010 |
|
|
|a 66022636
|
| 035 |
|
|
|a (OCoLC)00252690
|
| 035 |
|
|
|9 AAG1951AM
|
| 040 |
|
|
|a DLC
|c WSU
|d OCL
|d TXA
|d UtOrBLW
|
| 049 |
|
|
|a TXAM
|v 1 [461956]
|v 2 [461957]
|v 3 [461958]
|
| 050 |
|
0 |
|a HJ2603
|b .S42 1966
|
| 082 |
0 |
|
|a 336.0242
|
| 092 |
|
|
|a 336.0242
|b S616h, 1966
|
| 100 |
1 |
|
|a Sinclair, John,
|c Sir,
|d 1754-1835.
|
| 245 |
1 |
4 |
|a The history of the public revenue of the British Empire.
|
| 264 |
|
1 |
|a New York :
|b A. M. Kelley,
|c 1966.
|
| 300 |
|
|
|a 3 volumes ;
|c 22 cm.
|
| 336 |
|
|
|a text
|b txt
|2 rdacontent
|
| 337 |
|
|
|a unmediated
|b n
|2 rdamedia
|
| 338 |
|
|
|a volume
|b nc
|2 rdacarrier
|
| 490 |
1 |
|
|a Library of money and banking history
|
| 500 |
|
|
|a The Adam Smith library.
|
| 500 |
|
|
|a Reprints of economic classics.
|
| 500 |
|
|
|a Reprint of the 3d edition, which was first published 1803-1804.
|
| 504 |
|
|
|a Bibliography: volume 3, pages [93]-136.
|
| 650 |
|
0 |
|a Taxation
|z Great Britain
|x History.
|
| 650 |
|
0 |
|a Finance, Public
|z Great Britain
|x History
|y 1688-1815.
|
| 830 |
|
0 |
|a Library of money and banking history.
|
| 999 |
|
|
|a MARS
|
| 999 |
f |
f |
|s 51589072-81c2-38cf-89ae-98e6710576e8
|i e57144fa-b9c0-3901-9091-3c1434dfb946
|t 0
|
| 952 |
f |
f |
|p normal
|a Texas A&M University
|b College Station
|c Sterling C. Evans Library
|d Evans: Library Stacks
|t 0
|e HJ2603 .S42 1966
|h Library of Congress classification
|i unmediated -- volume
|k v.2
|m A14800747772
|
| 952 |
f |
f |
|p normal
|a Texas A&M University
|b College Station
|c Sterling C. Evans Library
|d Evans: Library Stacks
|t 0
|e HJ2603 .S42 1966
|h Library of Congress classification
|i unmediated -- volume
|k v.1
|m A14800747764
|
| 952 |
f |
f |
|p normal
|a Texas A&M University
|b College Station
|c Sterling C. Evans Library
|d Evans: Library Stacks
|t 0
|e HJ2603 .S42 1966
|h Library of Congress classification
|i unmediated -- volume
|k v.3
|m A14800747780
|
| 998 |
f |
f |
|a HJ2603 .S42 1966
|s v.1-v.3
|t 0
|l Evans: Library Stacks
|